Gaming Quiz

Random Gaming or Video Games Quiz

Countries in Uncharted Quiz Stats

 Plays Quiz Updated Dec 13, 2017

Challenge
Share
Tweet
Embed
Score 0/18 Timer 04:00
2 Plays Today
Game Country % Correct
Uncharted 4: A Thief's EndUnited States
83.1%
Uncharted 3: Drake's DeceptionUnited Kingdom
80.8%
Uncharted 4: A Thief's EndUnited Kingdom
75.7%
Uncharted 3: Drake's DeceptionFrance
72.6%
Uncharted 2: Among ThievesChina
71.5%
Uncharted 4: A Thief's EndItaly
58.3%
Uncharted 2: Among ThievesNepal
57.1%
Uncharted: Drake's FortunePeru
56.6%
Uncharted 4: A Thief's EndMexico
53.2%
Game Country % Correct
Uncharted 2: Among ThievesIndonesia
49.2%
Uncharted: Drake's FortunePanama
47.1%
Uncharted 4: A Thief's EndPanama
46.4%
Uncharted 2: Among ThievesTurkey
46.3%
Uncharted 3: Drake's DeceptionSaudi Arabia
44.4%
Uncharted 4: A Thief's EndMadagascar
43.3%
Uncharted 3: Drake's DeceptionSyria
41.8%
Uncharted 3: Drake's DeceptionColombia
41.7%
Uncharted 3: Drake's DeceptionYemen
37.5%

You're not logged in!

Compare scores with friends on all Sporcle quizzes.
Join for Free
OR
Log In

You Might Also Like...

Show Comments

Extras

Top Quizzes Today


Score Distribution

Your Account Isn't Verified!

In order to create a playlist on Sporcle, you need to verify the email address you used during registration. Go to your Sporcle Settings to finish the process.

Report this User

Report this user for behavior that violates our Community Guidelines.

Details: